|
|
|
|
| LEADER |
00000nab a2200000 a 4500 |
| 001 |
vtls009005085 |
| 003 |
SK-MaSNL |
| 005 |
20260304013423.0 |
| 008 |
150420|2004 xo u|me|||||||00 ||slo |
| 015 |
|
|
|a SNBRA2007/07
|
| 038 |
|
|
|a SNKBUCL
|
| 040 |
|
|
|a SNKBUCL
|b slo
|c SNKBUCL
|e AACR2
|
| 041 |
0 |
|
|a slo
|b eng
|
| 044 |
|
|
|a xo
|c SK
|
| 080 |
|
|
|a 008
|2 1997
|
| 080 |
|
|
|a 78
|2 1997
|
| 080 |
|
|
|a 165.61
|2 1997
|
| 100 |
1 |
|
|a Jurina, Jozef,
|d 1961-
|4 aut
|9 207014
|
| 245 |
1 |
0 |
|a Postmoderný hudobný iracionalizmus
|c Jozef Jurina
|
| 504 |
|
|
|a Bibliogr. odkazy
|
| 546 |
|
|
|a Res. angl.
|
| 650 |
0 |
7 |
|a postmodernizmus (hudba)
|2 snkbucl
|9 79227
|
| 650 |
0 |
7 |
|a iracionalizmus
|2 snkbucl
|9 18136
|
| 650 |
0 |
7 |
|a kultúra
|2 snkbucl
|9 886
|
| 650 |
0 |
7 |
|a hudobná kultúra
|2 snkbucl
|9 58402
|
| 773 |
0 |
|
|t Studia Aloisiana. Ročenka Teologickej fakulty Trnavskej univerzity 2004
|d Bratislava : Trnavská univerzita - Teologická fakulta, 2004
|g S. 129-132
|z 8071414670
|
| 852 |
|
|
|a SNK
|b KIS3GCP
|
| 958 |
|
|
|a SK
|
| 958 |
|
|
|a NB
|
| 958 |
|
|
|a NT
|
| 999 |
|
|
|c 2575756
|d 2577686
|